Countries Kanye West has Visited - Statistics

General Stats
  • This quiz has been taken 512 times
    160 since last reset
  • The average score is 20 of 32
Answer Stats
Continent Country % Correct
Asia China
94%
Europe France
92%
North America Canada
91%
Asia Japan
87%
North America United States of America
86%
Oceania Australia
85%
Europe Germany
85%
South America Brazil
83%
North America Mexico
83%
Europe United Kingdom
81%
Europe Spain
79%
Europe Italy
76%
Europe Portugal
66%
Europe Poland
64%
Europe Norway
62%
Europe Sweden
59%
Europe the Netherlands
59%
Europe Belgium
58%
South America Chile
55%
Europe Finland
54%
Europe Denmark
53%
Europe Ireland
52%
Europe Switzerland
52%
Oceania New Zealand
50%
Europe Czech Republic
37%
Asia Israel
36%
Asia United Arab Emirates
36%
Africa Morocco
35%
Asia Singapore
34%
Asia Armenia
32%
North America Jamaica
32%
Asia the Philippines
28%
No matching quizzes found
Score Distribution
Percent of People with Each Score
Percentile by Number Answered
Your Score History
You have not taken this quiz since the last reset